000 01561cam a22001814a 4500
005 20250605164349.0
008 250528s ||||||||||||||||||||||||d
035 _a24096
040 _aGR-AtMCL
_bgre
_dGR-AtMCL
_eAACR2
245 1 _aΗ Πρόταση των Επιμελητηρίων για Ένα Νέο Ασφαλιστικό Σύστημα Ανάπτυξης και Κοινωνικής Συνοχής / Υπόμνημα της Κ.Ε.Ε. στους Πολιτικούς Αρχηγούς για την Πορεία της Ελληνικής Οικονομίας
260 _bΕμπορικό Και Βιομηχανικό Επιμελητήριο Αθηνών,
_c2018
300 _a64
520 _aΠροτάσεις των Επιμελητηρίων για την Αναμόρφωση του Φορολογικού Συστήματος, Νέα Ψηφιακή Εποχή για τις Επιχειρήσεις - Με Ένα Κλικ στον Υπολογιστή η Σύσταση, Συντάξεις και Φόροι και Εισφορές σε Διαπραγμάτευση εώς τον Νοέμβριο, Ελληνοαμερικανικό Επιμελητήριο: Ώρα να Συνδεθεί η Τριτοβάθμια Εκπαίδευση με τον Επιχειρηματικό Κόσμο, Τριπλή Απειλή για την Ελληνική Οικονομία, Τα Νέα Έργα σε Μετρό και Τραμ.
700 1 _aΜίχαλος Κωνσταντίνος
_94319
942 _cCR
999 _c8995
_d8995